| 000 | 00471nam a22001697u 4500 | ||
|---|---|---|---|
| 008 | 130405s1964 xxu||||| |||| 00| 0 spa d | ||
| 017 | _aB.21591-1963 | ||
| 041 | _aspa | ||
| 100 | 1 |
_aRoss, Franz S. _932870 |
|
| 245 | 0 | 0 |
_aDiccionario ilustrado daimon: Español-Francés-Inglés-Alemán _cFranz S. Ross |
| 250 | _a2ª ed. | ||
| 260 |
_aMadrid: _bDaimon, _c1964 |
||
| 300 |
_a265 p. _c;18 cm. |
||
| 650 | 0 | 4 |
_aDiccionarios de Idiomas _915956 |
| 942 | _cBK | ||
| 001 | 88031 | ||
| 999 |
_c261308 _d261308 |
||